Library Banner

The Oxford handbook of gender and politics/ (Record no. 87212)

MARC details
000 -LEADER
fixed length control field 00553nam a2200217Ia 4500
001 - CONTROL NUMBER
control field 74068
003 - CONTROL NUMBER IDENTIFIER
control field OSt
005 - DATE AND TIME OF LATEST TRANSACTION
control field 20160922121355.0
008 - FIXED-LENGTH DATA ELEMENTS--GENERAL INFORMATION
fixed length control field 160804s9999||||xx |||||||||||||| ||und||
020 ## - INTERNATIONAL STANDARD BOOK NUMBER
International Standard Book Number 9780190461911
040 ## - CATALOGING SOURCE
Transcribing agency PK-LaUMT
082 ## - DEWEY DECIMAL CLASSIFICATION NUMBER
Classification number R 305.42
Item number OXF-
100 ## - MAIN ENTRY--PERSONAL NAME
Personal name Waylen, Georgina
245 #4 - TITLE STATEMENT
Title The Oxford handbook of gender and politics/
Statement of responsibility, etc Waylen, Georgina|[et al, ]
260 ## - PUBLICATION, DISTRIBUTION, ETC. (IMPRINT)
Place of publication, distribution, etc Oxford:
Name of publisher, distributor, etc Oxford University Press,
Date of publication, distribution, etc 2016
300 ## - PHYSICAL DESCRIPTION
Extent 872 p.
546 ## - LANGUAGE NOTE
Language note EN
650 ## - SUBJECT ADDED ENTRY--TOPICAL TERM
Topical term or geographic name as entry element Feminism
700 ## - ADDED ENTRY--PERSONAL NAME
Personal name [et al, ]
942 ## - ADDED ENTRY ELEMENTS (KOHA)
Koha item type Reference
Source of classification or shelving scheme Dewey Decimal Classification
Holdings
Withdrawn status Lost status Source of classification or shelving scheme Damaged status Not for loan Home library Current library Date acquired Total Checkouts Full call number Barcode Date last seen Copy number Price effective from Koha item type
    Dewey Decimal Classification     UMT Main Campus UMT Main Campus 2016-04-08   R 305.42 OXF- 101304 2016-08-04 C-2 2016-08-04 Reference